Les 10 villes les plus peuplées de Seine-Saint-Denis (93) - Statistiques

Statistiques générales
  • Ce quiz a été pris 123 fois
  • Le résultat moyen est 7 sur 10
Statistiques - réponses
Population Communes % Correct
148 900 Saint-Denis
94%
89 500 Aubervilliers
84%
110 800 Montreuil
82%
86 400 Aulnay-sous-Bois
75%
55 300 Bobigny
75%
71 300 Drancy
70%
61 000 Pantin
65%
59 900 Le Blanc-Mesnil
59%
71 600 Noisy-le-Grand
53%
53 600 Épinay-sur-Seine
40%
Aucun quiz correspondant
Distribution des résultats
% des personnes avec chaque résultat
Percentile par nombre de réponses
Votre historique - résultats
Vous n’avez pas pris ce quiz